Obras poéticas / (Record no. 132233)

MARC details
000 -LEADER
campo de control de longitud fija 00542nam a2200181 4500
001 - NÚMERO DE CONTROL
campo de control 132233
003 - IDENTIFICADOR DE NÚMERO DE CONTROL
campo de control ES-MaACL
005 - FECHA Y HORA DE LA ÚLTIMA TRANSACCIÓN
campo de control 20251002200803.0
007 - CAMPO FIJO DE DESCRIPCIÓN FÍSICA--INFORMACIÓN GENERAL
campo de control de longitud fija t|
008 - DATOS DE LONGITUD FIJA--INFORMACIÓN GENERAL
campo de control de longitud fija 070214s1970 sp r ||||1| spa d
100 1# - ENTRADA PRINCIPAL--NOMBRE DE PERSONA
Nombre de persona Rolán, Feliciano.
9 (RLIN) 99122
245 10 - MENCIÓN DEL TÍTULO
Título Obras poéticas /
Mención de responsabilidad, etc. Feliciano Rolán ; introducción de R. Carballo Calero.
260 ## - PUBLICACIÓN, DISTRIBUCIÓN, ETC.
Lugar de publicación, distribución, etc. Vigo :
Nombre del editor, distribuidor, etc. Castrelos,
Fecha de publicación, distribución, etc. 1970.
300 ## - DESCRIPCIÓN FÍSICA
Extensión 141 p. ;
Dimensiones 18 cm.
700 1# - ENTRADA AGREGADA--NOMBRE PERSONAL
Nombre de persona Carballo Calero, Ricardo,
Fechas asociadas al nombre 1910-1990
9 (RLIN) 35008
852 ## - LOCALIZACIÓN
Ubicación ES-MaACL
Número de control de estantería C-40690
Sublocalización o colección R.74627
Holdings
Estatus retirado Estado de pérdida Estado de daño No para préstamo Biblioteca de origen Biblioteca actual Ubicación en estantería Fecha de adquisición Fuente de adquisición Total de préstamos Signatura topográfica completa Código de barras Visto por última vez Precio de reemplazo Tipo de ítem Koha
        Biblioteca del Ateneo de Madrid Biblioteca del Ateneo de Madrid Depósito 2 17/01/2008     C-40690 1137668 23/02/2023 23/02/2023 Libro impreso